Nursery Rhyme - Hush Little Baby - Statistics

General Stats
  • This quiz has been taken 136 times
  • The average score is 76 of 118
Answer Stats
% Correct
don't
99%
baby,
98%
baby
98%
Hush
98%
little
98%
you
96%
You'll
96%
a
93%
buy
92%
gonna
92%
say
89%
word,
89%
that
82%
if
81%
diamond
79%
ring.
79%
ring
79%
sing,
75%
mockingbird.
74%
mockingbird
74%
And
72%
and
72%
won't
54%
Papa's
48%
broke,
40%
billy
39%
glass.
39%
glass
39%
goat.
39%
goat
39%
looking
38%
turn
36%
brass,
35%
gets
35%
be
31%
pull,
31%
cart
29%
cart.
29%
dog
27%
horse
27%
the
27%
bull.
24%
bull
24%
in
24%
named
24%
Rover.
24%
Rover
24%
turns
24%
bark,
21%
over,
20%
still
18%
sweetest
18%
town!
18%
down,
13%
fall
13%
No matching quizzes found
Score Distribution
Percent of People with Each Score
Percentile by Number Answered
Your Score History
You have not taken this quiz